ბათუმის შოთა რუსთაველის სახელმწიფო უნივერსიტეტის ბიბლიოთეკა

ომაინიანი (ბიბ.ჩანაწერი № 48558)

000 -LEADER
fixed length control field 00686nam a2200193Ia 4500
001 - CONTROL NUMBER
control field 15455
003 - CONTROL NUMBER IDENTIFIER
control field GE_BSU
008 - FIXED-LENGTH DATA ELEMENTS--GENERAL INFORMATION
fixed length control field 181216s||||||||xx |||||||||||||| ||und||
040 ## - CATALOGING SOURCE
Transcribing agency GE_BSU
100 ## - MAIN ENTRY--PERSONAL NAME
Personal name ჩოლოყაშვილი,ქაიხოსრო
245 ## - TITLE STATEMENT
Title ომაინიანი
245 ## - TITLE STATEMENT
Statement of responsibility, etc. გამოსაც. მოამზ. ლიანა კეკელიძემ.რედ:ი. ლოლაშვილი. მხატვ. მ. თალაკვაძე
260 ## - PUBLICATION, DISTRIBUTION, ETC.
Place of publication, distribution, etc. თბილისი
260 ## - PUBLICATION, DISTRIBUTION, ETC.
Name of publisher, distributor, etc. მეცნიერება
260 ## - PUBLICATION, DISTRIBUTION, ETC.
Date of publication, distribution, etc. 1979
300 ## - PHYSICAL DESCRIPTION
Extent 171გვ.22სმ.
653 ## - INDEX TERM--UNCONTROLLED
Uncontrolled term ომაინიანი
942 ## - ADDED ENTRY ELEMENTS (KOHA)
Koha item type წიგნი
ეგზემპლარები
Withdrawn status Lost status Damaged status Not for loan Date acquired Barcode Date last seen Price effective from Koha item type
        2018-12-17 38476 2018-12-17 2018-12-17 წიგნი
        2018-12-17 38721 2018-12-17 2018-12-17 წიგნი
        2018-12-17 38722 2018-12-17 2018-12-17 წიგნი